000 00291nam a2200121Ia 4500
008 190216s9999||||xx |||||||||||||| ||und||
100 _aKrishna Dev Magari
245 0 _aHindi-Bangladesh Sathpratha Aur Bharath Pak Yudh
260 _bParag
300 _a270
650 _aHindi
942 _cBK
999 _c16416
_d16416